| 000 | 00440nam a2200169 i 4500 | ||
|---|---|---|---|
| 001 | 49614 | ||
| 003 | ES-MaACL | ||
| 005 | 20230906162028.0 | ||
| 007 | t| | ||
| 008 | 030718s1972 sp ||||1| spa d | ||
| 100 | 1 |
_aCostero, José. _941151 |
|
| 245 | 1 | 4 |
_aLas esquinas del tiempo / _cJosé Costero. |
| 250 | _a[1ª ed.]. | ||
| 260 |
_aBarcelona : _bCampos, _c1972. |
||
| 300 |
_a163 p. ; _c18 cm. |
||
| 852 |
_aES-MaACL _jC-52598 _bR.85967 |
||
| 999 |
_c49614 _d49614 |
||